Countries that border the equator - Statistics

General Stats
  • This quiz has been taken 21 times
  • The average score is 10 of 13
Answer Stats
Hint Answer % Correct
3 Democratic Republic of the Congo
100%
1 Brazil
92%
2 Colombia
92%
4 Ecuador
92%
7 Kenya
92%
6 Indonesia
77%
10 Republic of the Congo
77%
5 Gabon
69%
13 Uganda
69%
12 Somalia
62%
8 Kiribati
54%
9 Maldives
46%
11 Sao Tome and Principe
38%
No matching quizzes found
Score Distribution
Percent of People with Each Score
Percentile by Number Answered
Your Score History
You have not taken this quiz